Účtovná uzávierka a účtovná závierka v podvojnom účtovníctve bakalárska práca

Guardado en:
Detalles Bibliográficos
Autor principal: Mózes, Franciska
Autor Corporativo: Fakulta hospodárskej informatiky EU. Katedra účtovníctva a audítorstva
Otros Autores: Meluchová, Jitka, 1965-
Formato: Libro
Lenguaje:eslovaco
Publicado: Bratislava 2018
Etiquetas: Agregar Etiqueta
Sin Etiquetas, Sea el primero en etiquetar este registro!

MARC

LEADER 00000nbm a2200000 4500
001 0245354
005 20181106083851.7
041 0 |a slo 
044 |a SK 
245 1 0 |a Účtovná uzávierka a účtovná závierka v podvojnom účtovníctve  |b bakalárska práca  |c Franciska Mózes ; školiteľ: Jitka Meluchová 
264 1 |a Bratislava  |c 2018 
300 |a 47 s. 
100 1 |a Mózes, Franciska 
700 1 |a Meluchová, Jitka, 1965- 
710 2 |a Fakulta hospodárskej informatiky EU. Katedra účtovníctva a audítorstva